Les 10 plus grandes villes de Pologne - Statistiques

Statistiques générales
  • Ce quiz a été pris 94 fois
  • Le résultat moyen est 6 sur 10
Statistiques - réponses
Population Ville % Correct
1 702 139 Varsovie
100%
755 050 Cracovie
96%
461 865 Gdańsk
81%
768 755 Łódź
72%
570 352 Poznań
70%
634 893 Wrocław
68%
317 316 Katowice
67%
360 044 Lublin
44%
407 811 Szczecin
26%
366 452 Bydgoszcz
15%
Aucun quiz correspondant
Distribution des résultats
% des personnes avec chaque résultat
Percentile par nombre de réponses
Votre historique - résultats
Vous n’avez pas pris ce quiz